000 00651nam a2200145 a 4500
008 120416s1973 ||||||||||||||||| || u
050 _aHF 5635 Ent
100 _aEnthoven, Adolf J. H
245 1 0 _aAccountancy and economic development policy
260 _aAmsterdam
_bNorth-Holland
_c[1973 (1978)]
300 _axi, 380p. : ill
350 _a0.00
995 _aBINDERY (DAMAGED)
_D0.00
_e005482
_FCBU-MAIN LIBRARY (Kitwe)
_H1
_I0.00
_jHF 5635 Ent
_UDAMAGED
_y005482
_ZMain Library Open Access Collection
995 _aMAIN LIBRARY OPEN ACCESS
_D0.00
_e005483
_FCBU-MAIN LIBRARY (Kitwe)
_H2
_I0.00
_jHF 5635 Ent
_UAVAILABLE
_y005483
_ZMain Library Open Access Collection
999 _c75570
_d75570